Mỹ học và ảnh nghệ thuật

সংরক্ষণ করুন:
গ্রন্থ-পঞ্জীর বিবরন
প্রধান লেখক: M S Kagan
বিন্যাস: গ্রন্থ
ভাষা:Undetermined
প্রকাশিত: Hà Nội Văn hóa 1980
বিষয়গুলি:
ট্যাগগুলো: ট্যাগ যুক্ত করুন
কোনো ট্যাগ নেই, প্রথমজন হিসাবে ট্যাগ করুন!
Thư viện lưu trữ: Trung tâm Học liệu Trường Đại học Cần Thơ
LEADER 00472nam a2200169Ia 4500
001 CTU_9650
008 210402s9999 xx 000 0 und d
082 |a 770 
082 |b K11 
100 |a M S Kagan 
245 0 |a Mỹ học và ảnh nghệ thuật 
245 0 |c M S Kagan, Nguyễn Huy Hoàng 
260 |a Hà Nội 
260 |b Văn hóa 
260 |c 1980 
650 |a photography, artistic 
980 |a Trung tâm Học liệu Trường Đại học Cần Thơ